| Tag |
First Indicator |
Second Indicator |
Subfields |
| LEADER |
00000cam a2200000 i 4500 |
| 001 |
in00005680521 |
| 005 |
20260205203347.5 |
| 006 |
m o d |
| 007 |
cr ||| |
| 008 |
190122s2018 fluab ob 001 0 eng d |
| 040 |
|
|
|a VHC
|b eng
|e rda
|c VHC
|d OCLCO
|d NLW
|d YDX
|d UKAHL
|d OCLCQ
|d SFB
|d OCLCQ
|d OCLCL
|d OCLCQ
|d OCLCL
|d OCLCQ
|
| 019 |
|
|
|a 1076801055
|a 1228893927
|a 1282909055
|
| 020 |
|
|
|a 0429423292
|
| 020 |
|
|
|a 9780429423291
|
| 020 |
|
|
|a 0429751567
|
| 020 |
|
|
|a 9780429751561
|
| 020 |
|
|
|a 0429751575
|
| 020 |
|
|
|a 9780429751578
|
| 020 |
|
|
|z 1138390631
|
| 020 |
|
|
|z 9781138390638
|
| 020 |
|
|
|z 9780429751554 (Mobipocket ebook)
|
| 024 |
7 |
|
|a 10.1201/9780429423291.
|2 doi
|
| 035 |
|
|
|a (OCoLC)1303520683
|z (OCoLC)1076801055
|z (OCoLC)1228893927
|z (OCoLC)1282909055
|
| 037 |
|
|
|a 9780429751561
|b Ingram Content Group
|
| 050 |
|
4 |
|a QA76.9.A25
|b .B677 2019
|
| 072 |
|
7 |
|a COM
|x 012000
|2 bisacsh
|
| 072 |
|
7 |
|a COM
|x 053000
|2 bisacsh
|
| 072 |
|
7 |
|a TEC
|x 015000
|2 bisacsh
|
| 072 |
|
7 |
|a UYT
|2 bicscc
|
| 082 |
0 |
4 |
|a 005.8
|2 23
|
| 049 |
|
|
|a TXAM
|
| 100 |
1 |
|
|a Borra, Surekha,
|e author.
|
| 245 |
1 |
0 |
|a Digital Image Watermarking :
|b Theoretical and Computational Advances /
|c by Surekha Borra, Rohit Thanki and Nilanjan Dey.
|
| 250 |
|
|
|a First edition.
|
| 264 |
|
1 |
|a Boca Raton, FL :
|b CRC Press,
|c 2018.
|
| 300 |
|
|
|a 1 online resource (175 pages).
|
| 336 |
|
|
|a text
|b txt
|2 rdacontent
|
| 337 |
|
|
|a computer
|b c
|2 rdamedia
|
| 338 |
|
|
|a online resource
|b cr
|2 rdacarrier
|
| 490 |
1 |
|
|a Intelligent Signal Processing and Data Analysis
|
| 588 |
|
|
|a Description based on print version record.
|
| 520 |
3 |
|
|a The Book presents an overview of newly developed watermarking techniques in various independent and hybrid domains Covers the basics of digital watermarking, its types, domain in which it is implemented and the application of machine learning algorithms onto digital watermarking Reviews hardware implementation of watermarking Discusses optimization problems and solutions in watermarking with a special focus on bio-inspired algorithms. Includes a case study along with its MATLAB code and simulation results.
|
| 504 |
|
|
|a Includes bibliographical references and index.
|
| 505 |
0 |
0 |
|t 1. Introduction 2. Domain Specific Watermarking Techniques 3. Watermarking Using Machine Learning and Bio-Inspired Algorithms 4. Hardware Implementation of Watermarking 5. Applied Examples and Future Perspectives 6. Case Study 7. References.
|
| 540 |
|
|
|a Restricted: Printing from this resource is governed by The Legal Deposit Libraries (Non-Print Works) Regulations (UK) and UK copyright law currently in force.
|5 WlAbNL
|
| 650 |
|
0 |
|a Computer security
|x Technological innovations.
|
| 650 |
|
0 |
|a Watermarks
|x Technological innovations.
|
| 650 |
|
0 |
|a Marks of origin
|x Technological innovations.
|
| 650 |
|
6 |
|a Sécurité informatique
|x Innovations.
|
| 650 |
|
6 |
|a Filigranes (Papeterie)
|x Innovations.
|
| 655 |
|
7 |
|a Electronic books.
|2 local
|
| 700 |
1 |
|
|a Thanki, Rohit,
|e author.
|
| 700 |
1 |
|
|a Dey, Nilanjan,
|e author.
|
| 710 |
2 |
|
|a Taylor & Francis.
|
| 758 |
|
|
|i has work:
|a Digital image watermarking (Text)
|1 https://id.oclc.org/worldcat/entity/E39PCGXtG9xytR7XycP3YXfW9P
|4 https://id.oclc.org/worldcat/ontology/hasWork
|
| 776 |
1 |
|
|z 1138390631
|
| 830 |
|
0 |
|a Intelligent signal processing and data analysis.
|
| 856 |
4 |
0 |
|u http://proxy.library.tamu.edu/login?url=https://www.taylorfrancis.com/books/9780429423291
|z Connect to the full text of this electronic book
|t 0
|
| 936 |
|
|
|a BATCHLOAD
|
| 955 |
|
|
|a Taylor and Francis ENGnetBASE
|
| 994 |
|
|
|a 92
|b TXA
|
| 999 |
f |
f |
|i f4175b65-f97b-4c09-84cf-34443ba5501c
|s cbde64ac-1d11-4553-a531-284c3ebba67c
|t 0
|
| 952 |
f |
f |
|a Texas A&M University
|b College Station
|c Electronic Resources
|s www_evans
|d Available Online
|t 0
|e QA76.9.A25 .B677 2019
|h Library of Congress classification
|
| 998 |
f |
f |
|a QA76.9.A25 .B677 2019
|t 0
|l Available Online
|